书目信息 |
| 题名: |
合同法理论与判例研究
|
|
| 作者: | 杨明成 译 | |
| 分册: | ||
| 出版信息: | 重庆 重庆大学出版社 1998.05 |
|
| 页数: | 283页 | |
| 开本: | 32开 | |
| 丛书名: | ||
| 单 册: | ||
| 中图分类: | D923.6 | |
| 科图分类: | ||
| 主题词: | 法律--中国 | |
| 电子资源: | ||
| ISBN: | 7-5624-1629-X | |
| 000 | 00567nam0 2200193 45 | |
| 001 | 0009030992 | |
| 005 | 20000903091445.1 | |
| 010 | @a7-5624-1629-X@d14.00元 | |
| 100 | @a20000903d1998 km y0chiy0120 ea | |
| 101 | 0 | @achi |
| 105 | @a z 000yy | |
| 200 | 1 | @a合同法理论与判例研究@AHe Tong Fa Li Lun Yu Pan Li Yan Jiu@f杨明成等译@FYang Ming Cheng Deng Yi |
| 210 | @a重庆@c重庆大学出版社@d1998.05 | |
| 215 | @a283页@d32开 | |
| 606 | 0 | @a法律@x中国 |
| 690 | @aD923.6@v3 | |
| 701 | 0 | @a杨明成@4译 |
| 801 | @aCN@bPftUser@c20000903 | |
| 905 | @b117137-139@dD923.6@eX755@f3 | |
| 合同法理论与判例研究/杨明成等译.-重庆:重庆大学出版社,1998.05 |
| 283页;32开 |
| ISBN 7-5624-1629-X:14.00元 |
| ● |
| 相关链接 |
|
|
|
正题名:合同法理论与判例研究
索取号:D923.6/X755
 
预约/预借
| 序号 | 登录号 | 条形码 | 馆藏地/架位号 | 状态 | 备注 |
| 1 | 117137 | 201171374 | 社科库509/509社科库 93排1列3层/ [索取号:D923.6/X755] | 在馆 | |
| 2 | 117138 | 201171383 | 社科库509/509社科库 93排1列3层/ [索取号:D923.6/X755] | 在馆 | |
| 3 | 117139 | 201171392 | 社科库509/509社科库 93排1列3层/ [索取号:D923.6/X755] | 在馆 |